| 000 | 00383nam a2200145Ia 4500 | ||
|---|---|---|---|
| 008 | 240624s9999 xx 000 0 und d | ||
| 041 | _aeng | ||
| 082 | _a658.15 FRY | ||
| 100 | _aFRYKMAN DAVID | ||
| 245 | _aFINANCIAL TIMES GUIDES TO CORPORATE VALU | ||
| 250 | _a(2nd ed.) | ||
| 260 |
_c2010 _aNew Delhi _bFT Prentice Hall |
||
| 300 | _axi, : 202 : p. : cm. ; 23 | ||
| 365 |
_cRS _b29 |
||
| 999 |
_c19602 _d19602 |
||